| 000 | 00543nam a2200217Ia 4500 | ||
|---|---|---|---|
| 008 | 160803s9999 xx 000 0 und d | ||
| 020 | _a9780439706407 | ||
| 100 | _aSmith, Jeff | ||
| 245 | _aOut from Boneville / | ||
| 245 | _cby Jeff Smith ; with color by Steve Hamaker. | ||
| 260 | _aNew York : | ||
| 260 | _bScholastic Inc. | ||
| 260 | _c2005 | ||
| 300 | _a138 pages : | ||
| 300 | _bchiefly color illustrations ; | ||
| 300 | _c23 cm. | ||
| 650 | _aCousins -- | ||
| 650 | _aFantasy. | ||
| 650 | _xFiction. | ||
| 700 | _a360 | ||
| 999 |
_c299430 _d299430 |
||